Technologie sacharidů

Gespeichert in:
Bibliographische Detailangaben
1. Verfasser: Kadlec, Pavel (Verfasst von)
Format: Buch
Sprache:Tschechisch
Veröffentlicht: Praha : VŠCHT Praha, 2000
Tags: Tag hinzufügen
Keine Tags, Fügen Sie das erste Tag hinzu!

MARC

LEADER 00000nam a22000003a 4500
001 stu82524
005 20150617225634.8
008 031119s2000----xr------------------cze-d
020 |a 80-7080-400-9 
040 |a STU  |b slo 
041 0 |a cze 
044 |a xr 
080 |a 664.1.001.24(075.8) 
100 1 |a Kadlec, Pavel  |4 aut 
245 1 |a Technologie sacharidů 
260 |a Praha :  |b VŠCHT Praha,  |c 2000 
300 |a 138 s. Obr.,tab.,grafy 
996 |b CS74762  |c C*S74762  |l CCX  |s P  |a 0  |w stu82524_0001 
996 |b CS74733  |c C*S74733  |l CCX  |s P  |a 0  |w stu82524_0002